000 00569nam a2200229Ia 4500
003 OSt
005 20220918175625.0
006 a|||||r|||| 00| 0
007 ta
008 220917b |||||||| |||| 00| 0 eng d
024 _a18,262
037 _cTextual
040 _aARTS
_cARTS
_beng
041 _2eng
_aeng
082 _aO111,1M74w, K4
100 _aSmythe Daniel
_954572
245 0 _aRobert Frost speaks
260 _c1964
650 _aENGLISH LITERATURE
942 _hO111,1M74w, K4
_cTEXL
_2CC
999 _c158390
_d158390